[Event "ODJM C 2023"]
[Site "Willingen GER"]
[Date "2023.05.31"]
[Round "5"]
[White "Carstens, Finja"]
[Black "Beier, Martin"]
[Result "0-1"]
[Termination "normal"]
[Board "9"]
[WhiteElo "1478"]
[BlackElo "1346"]
[WhiteClock "00:21:58"]
[BlackClock "01:24:45"]
[PlyCount "118"]
[WhiteFideId "34617841"]
[BlackFideId "34631879"]
[EventCountry "GER"]
[EventRounds "9"]
[EventType "swiss"]
[EventDate "2023.05.27"]

1. d4 {[%clk 01:30:58]} {[%emt 00:00:02]} d5 {[%clk 01:30:56]} {[%emt
00:00:04]} 2. Nc3 {[%clk 01:31:22]} {[%emt 00:00:06]} Nf6 {[%clk 01:31:11]}
{[%emt 00:00:15]} 3. Bf4 {[%clk 01:31:48]} {[%emt 00:00:05]} e6 {[%clk
01:31:17]} {[%emt 00:00:24]} 4. e3 {[%clk 01:31:11]} {[%emt 00:01:07]} Bb4
{[%clk 01:30:13]} {[%emt 00:01:33]} 5. Bd3 {[%clk 01:30:13]} {[%emt 00:01:28]}
c5 {[%clk 01:26:21]} {[%emt 00:04:22]} 6. dxc5 {[%clk 01:29:29]} {[%emt
00:01:14]} Nbd7 {[%emt 00:03:47]} 7. Nf3 {[%clk 01:17:53]} {[%emt 00:09:23]}
Qe7 {[%clk 01:24:29]} {[%emt 00:01:49]} 8. Bd6 {[%clk 01:16:56]} {[%emt
00:01:26]} Qd8 {[%clk 01:23:23]} {[%emt 00:01:35]} 9. O-O {[%clk 01:08:50]}
{[%emt 00:08:38]} Bxc5 {[%clk 01:21:59]} {[%emt 00:01:53]} 10. Bxc5 {[%clk
01:08:27]} {[%emt 00:00:54]} Nxc5 {[%clk 01:22:05]} {[%emt 00:00:24]} 11. Be2
{[%clk 00:45:37]} {[%emt 00:23:20]} O-O {[%clk 01:17:59]} {[%emt 00:04:36]} 12.
Ne5 {[%clk 00:43:26]} {[%emt 00:02:41]} Qd6 {[%clk 01:16:41]} {[%emt 00:01:47]}
13. Nd3 {[%clk 00:43:00]} {[%emt 00:00:56]} Nfe4 {[%clk 01:15:01]} {[%emt
00:02:10]} 14. Nxe4 {[%clk 00:39:26]} {[%emt 00:04:05]} Nxe4 {[%clk 01:15:06]}
{[%emt 00:00:25]} 15. Bf3 {[%clk 00:37:18]} {[%emt 00:02:32]} Ng5 {[%clk
01:14:25]} {[%emt 00:01:16]} 16. Bg4 {[%clk 00:30:23]} {[%emt 00:07:23]} b5
{[%clk 01:13:53]} {[%emt 00:01:04]} 17. Nf4 {[%clk 00:28:13]} {[%emt 00:02:38]}
Bb7 {[%clk 01:12:35]} {[%emt 00:01:48]} 18. Re1 {[%clk 00:18:00]} {[%emt
00:10:45]} e5 {[%clk 01:11:46]} {[%emt 00:01:16]} 19. Nh5 {[%clk 00:11:11]}
{[%emt 00:07:23]} Qc6 {[%clk 01:10:25]} {[%emt 00:01:40]} 20. Bf3 {[%clk
00:06:16]} {[%emt 00:05:35]} Nxf3+ {[%clk 01:09:58]} {[%emt 00:00:51]} 21. Qxf3
{[%clk 00:06:16]} {[%emt 00:00:36]} Qxc2 {[%clk 01:09:58]} {[%emt 00:00:29]}
22. Qg3 {[%clk 00:06:16]} {[%emt 00:00:32]} Qg6 {[%clk 01:10:16]} {[%emt
00:00:12]} 23. Qxe5 {[%clk 00:05:35]} {[%emt 00:01:10]} d4 {[%clk 01:08:56]}
{[%emt 00:01:48]} 24. g3 {[%clk 00:03:01]} {[%emt 00:03:06]} dxe3 {[%clk
01:06:32]} {[%emt 00:02:54]} 25. Rxe3 {[%clk 00:02:56]} {[%emt 00:00:35]} a6
{[%clk 01:04:56]} {[%emt 00:02:06]} 26. Rae1 {[%clk 00:02:32]} {[%emt
00:00:55]} f6 {[%clk 01:02:09]} {[%emt 00:03:17]} 27. Qe6+ {[%clk 00:02:02]}
{[%emt 00:00:59]} Qf7 {[%clk 01:01:07]} {[%emt 00:01:29]} 28. Qxf7+ {[%clk
00:01:16]} {[%emt 00:01:20]} Rxf7 {[%clk 01:01:10]} {[%emt 00:00:26]} 29. Re7
{[%clk 00:01:17]} {[%emt 00:00:30]} Rd8 {[%clk 00:59:17]} {[%emt 00:02:21]} 30.
Re8+ {[%clk 00:01:08]} {[%emt 00:00:42]} Rf8 {[%clk 00:58:40]} {[%emt
00:01:06]} 31. Rxf8+ {[%clk 00:00:53]} {[%emt 00:00:45]} Kxf8 {[%clk 00:58:50]}
{[%emt 00:00:19]} 32. h4 {[%clk 00:01:08]} {[%emt 00:00:15]} Rd2 {[%clk
00:58:41]} {[%emt 00:00:39]} 33. Rb1 {[%clk 00:01:14]} {[%emt 00:00:24]} Be4
{[%clk 00:59:04]} {[%emt 00:00:08]} 34. Re1 {[%clk 00:01:25]} {[%emt 00:00:18]}
Bf3 {[%clk 00:58:47]} {[%emt 00:00:47]} 35. Nf4 {[%clk 00:01:24]} {[%emt
00:00:32]} Rxb2 {[%clk 00:58:54]} {[%emt 00:00:23]} 36. Ne6+ {[%clk 00:01:27]}
{[%emt 00:00:26]} Kf7 {[%clk 00:58:33]} {[%emt 00:00:51]} 37. Nd8+ {[%clk
00:01:50]} {[%emt 00:00:08]} Kg6 {[%clk 00:58:43]} {[%emt 00:00:19]} 38. a3
{[%clk 00:01:29]} {[%emt 00:00:53]} Ra2 {[%clk 00:58:21]} {[%emt 00:00:47]} 39.
Ne6 {[%clk 00:01:32]} {[%emt 00:00:31]} Rxa3 {[%clk 00:58:10]} {[%emt
00:00:41]} 40. Nf8+ {[%clk 00:00:41]} {[%emt 00:01:21]} Kf7 {[%clk 00:57:09]}
{[%emt 00:01:28]} 41. Nd7 {[%clk 00:00:43]} {[%emt 00:00:31]} b4 {[%clk
00:57:34]} {[%emt 00:00:05]} 42. Kh2 {[%clk 00:29:41]} {[%emt 00:01:31]} b3
{[%clk 01:27:41]} {[%emt 00:00:23]} 43. Rb1 {[%clk 00:29:19]} {[%emt 00:00:52]}
Bd5 {[%clk 01:26:40]} {[%emt 00:01:27]} 44. Nc5 {[%clk 00:29:34]} {[%emt
00:00:19]} Ke7 {[%clk 01:25:45]} {[%emt 00:01:25]} 45. g4 {[%clk 00:29:36]}
{[%emt 00:00:29]} Kd6 {[%emt 00:01:10]} 46. Nd3 {[%clk 00:29:20]} {[%emt
00:00:16]} Be4 {[%clk 01:25:49]} {[%emt 00:00:15]} 47. Rd1 {[%clk 00:29:30]}
{[%emt 00:00:20]} Bxd3 {[%clk 01:24:45]} {[%emt 00:01:34]} 48. Rxd3+ {[%clk
00:29:54]} {[%emt 00:00:06]} Kc5 {[%clk 01:24:44]} {[%emt 00:00:29]} 49. h5
{[%clk 00:30:03]} {[%emt 00:00:24]} Kc4 {[%clk 01:25:00]} {[%emt 00:00:13]} 50.
Re3 {[%clk 00:26:00]} {[%emt 00:04:33]} Kb4 {[%clk 01:25:05]} {[%emt 00:00:25]}
51. Re7 {[%clk 00:26:08]} {[%emt 00:00:22]} b2 {[%clk 01:24:59]} {[%emt
00:00:36]} 52. Rxg7 {[%clk 00:26:26]} {[%emt 00:00:12]} Ra5 {[%clk 01:24:54]}
{[%emt 00:00:30]} 53. Rxh7 {[%clk 00:26:16]} {[%emt 00:00:45]} b1=Q {[%clk
01:24:58]} {[%emt 00:00:27]} 54. Rf7 {[%clk 00:26:07]} {[%emt 00:00:38]} Qe4
{[%clk 01:25:00]} {[%emt 00:00:27]} 55. Kg3 {[%clk 00:25:01]} {[%emt 00:01:34]}
Ra3+ {[%clk 01:25:18]} {[%emt 00:00:16]} 56. Kh2 {[%clk 00:25:02]} {[%emt
00:00:27]} Qf4+ {[%clk 01:25:36]} {[%emt 00:00:13]} 57. Kh1 {[%clk 00:22:26]}
{[%emt 00:03:05]} Rh3+ {[%clk 01:25:26]} {[%emt 00:00:41]} 58. Kg2 {[%clk
00:22:01]} {[%emt 00:00:55]} Qf3+ {[%clk 01:24:51]} {[%emt 00:01:05]} 59. Kg1
{[%clk 00:21:58]} {[%emt 00:00:33]} Rh1# {[%clk 01:24:45]} {[%emt 00:00:37]}
0-1

[Event "ODJM C 2023"]
[Site "Willingen GER"]
[Date "2023.05.31"]
[Round "5"]
[White "Wilke, Ronja"]
[Black "Weinberger, Maxim"]
[Result "1/2-1/2"]
[Termination "normal"]
[Board "10"]
[WhiteElo "1145"]
[BlackElo "1310"]
[WhiteClock "00:39:06"]
[BlackClock "00:45:41"]
[PlyCount "116"]
[WhiteFideId "16288378"]
[BlackFideId "16290330"]
[EventCountry "GER"]
[EventRounds "9"]
[EventType "swiss"]
[EventDate "2023.05.27"]

1. e4 {[%clk 01:30:58]} {[%emt 00:00:02]} e5 {[%clk 01:30:58]} {[%emt
00:00:04]} 2. Nf3 {[%clk 01:31:10]} {[%emt 00:00:17]} Nc6 {[%clk 01:31:21]}
{[%emt 00:00:08]} 3. Bc4 {[%clk 01:31:26]} {[%emt 00:00:14]} Nf6 {[%clk
01:29:26]} {[%emt 00:02:25]} 4. d3 {[%clk 01:31:31]} {[%emt 00:00:25]} h6
{[%clk 01:29:21]} {[%emt 00:00:35]} 5. Be3 {[%clk 01:30:19]} {[%emt 00:01:42]}
d5 {[%emt 00:03:38]} 6. exd5 {[%clk 01:25:40]} {[%emt 00:04:21]} Nxd5 {[%clk
01:27:19]} {[%emt 00:00:12]} 7. Qe2 {[%clk 01:24:55]} {[%emt 00:01:14]} Nxe3
{[%clk 01:27:24]} {[%emt 00:00:26]} 8. Qxe3 {[%clk 01:25:07]} {[%emt 00:00:16]}
Bd6 {[%clk 01:27:06]} {[%emt 00:00:51]} 9. O-O {[%clk 01:24:55]} {[%emt
00:00:41]} O-O {[%clk 01:26:05]} {[%emt 00:01:31]} 10. Nbd2 {[%clk 01:20:56]}
{[%emt 00:04:29]} Re8 {[%clk 01:24:14]} {[%emt 00:02:20]} 11. Rfe1 {[%clk
01:17:35]} {[%emt 00:03:51]} Be6 {[%clk 01:18:55]} {[%emt 00:05:50]} 12. c3
{[%clk 01:16:47]} {[%emt 00:01:18]} Qe7 {[%clk 01:12:08]} {[%emt 00:07:17]} 13.
d4 {[%clk 01:09:25]} {[%emt 00:07:52]} exd4 {[%clk 01:09:45]} {[%emt 00:02:54]}
14. cxd4 {[%clk 01:08:57]} {[%emt 00:00:56]} Qf6 {[%clk 01:07:25]} {[%emt
00:02:52]} 15. Qd3 {[%clk 01:04:08]} {[%emt 00:05:16]} Bf5 {[%clk 01:06:26]}
{[%emt 00:01:30]} 16. Qc3 {[%clk 01:03:19]} {[%emt 00:01:18]} Bb4 {[%clk
01:06:38]} {[%emt 00:00:20]} 17. Qb3 {[%clk 01:03:09]} {[%emt 00:00:37]} Bxd2
{[%clk 01:01:37]} {[%emt 00:05:34]} 18. Nxd2 {[%clk 01:01:53]} {[%emt
00:01:45]} Nxd4 {[%clk 01:01:30]} {[%emt 00:00:38]} 19. Qxb7 {[%clk 01:00:03]}
{[%emt 00:02:19]} Nc2 {[%clk 00:59:56]} {[%emt 00:02:04]} 20. Rxe8+ {[%clk
01:00:07]} {[%emt 00:00:26]} Rxe8 {[%clk 01:00:15]} 21. Rc1 {[%clk 00:56:27]}
{[%emt 00:04:22]} Qb6 {[%clk 00:59:15]} {[%emt 00:01:31]} 22. Qd5 {[%clk
00:55:44]} {[%emt 00:01:12]} Be6 {[%clk 00:58:34]} {[%emt 00:01:11]} 23. Qe4
{[%clk 00:55:20]} {[%emt 00:00:44]} Nd4 {[%clk 00:58:01]} {[%emt 00:01:13]} 24.
b3 {[%clk 00:54:06]} {[%emt 00:01:44]} Qd6 {[%clk 00:55:32]} {[%emt 00:02:59]}
25. Bd3 {[%clk 00:52:18]} {[%emt 00:02:17]} g6 {[%emt 00:03:34]} 26. Re1 {[%clk
00:50:01]} {[%emt 00:00:21]} Rd8 {[%clk 00:53:33]} {[%emt 00:01:52]} 27. Nc4
{[%clk 00:48:37]} {[%emt 00:01:53]} Qd5 {[%clk 00:50:07]} {[%emt 00:03:56]} 28.
Qxd5 {[%clk 00:46:10]} {[%emt 00:02:55]} Rxd5 {[%clk 00:50:29]} {[%emt
00:00:11]} 29. Re3 {[%clk 00:42:31]} {[%emt 00:04:06]} Nf5 {[%clk 00:48:18]}
{[%emt 00:02:44]} 30. Rf3 {[%clk 00:38:58]} {[%emt 00:03:47]} Nh4 {[%clk
00:48:08]} {[%emt 00:00:55]} 31. Rg3 {[%clk 00:39:06]} {[%emt 00:00:18]} Bf5
{[%clk 00:48:28]} {[%emt 00:00:15]} 32. Be2 {[%clk 00:38:49]} {[%emt 00:00:44]}
Be6 {[%clk 00:46:18]} {[%emt 00:02:43]} 33. h3 {[%clk 00:37:59]} {[%emt
00:01:19]} Nf5 {[%clk 00:46:34]} {[%emt 00:00:15]} 34. Rf3 {[%clk 00:37:01]}
{[%emt 00:01:22]} Nd4 {[%clk 00:46:54]} {[%emt 00:00:15]} 35. Re3 {[%clk
00:36:48]} {[%emt 00:00:41]} Nxe2+ {[%clk 00:46:29]} {[%emt 00:00:57]} 36. Rxe2
{[%clk 00:37:06]} {[%emt 00:00:11]} Rd1+ {[%clk 00:46:34]} {[%emt 00:00:27]}
37. Kh2 {[%clk 00:37:22]} {[%emt 00:00:14]} Bxc4 {[%clk 00:46:45]} {[%emt
00:00:19]} 38. bxc4 {[%clk 00:37:37]} {[%emt 00:00:13]} Kf8 {[%clk 00:46:55]}
{[%emt 00:00:21]} 39. Rb2 {[%clk 00:37:30]} {[%emt 00:00:35]} Rc1 {[%clk
00:46:14]} {[%emt 00:01:13]} 40. Rb7 {[%clk 00:37:35]} {[%emt 00:00:24]} Rxc4
{[%clk 00:46:32]} {[%emt 00:00:14]} 41. Rxa7 {[%clk 00:37:55]} {[%emt
00:00:09]} Ke7 {[%clk 00:46:36]} {[%emt 00:00:27]} 42. Kg3 {[%clk 00:38:09]}
{[%emt 00:00:15]} Kd7 {[%clk 00:47:00]} {[%emt 00:00:06]} 43. a4 {[%clk
00:38:12]} {[%emt 00:00:28]} Kc6 {[%clk 00:47:13]} {[%emt 00:00:17]} 44. a5
{[%clk 00:37:57]} {[%emt 00:00:45]} Ra4 {[%clk 00:47:17]} {[%emt 00:00:26]} 45.
f4 {[%clk 00:38:09]} {[%emt 00:00:17]} f5 {[%clk 00:47:32]} {[%emt 00:00:16]}
46. Ra6+ {[%clk 00:37:47]} {[%emt 00:00:52]} Kd5 {[%clk 00:47:42]} {[%emt
00:00:19]} 47. Ra7 {[%clk 00:37:50]} {[%emt 00:00:27]} g5 {[%clk 00:47:30]}
{[%emt 00:00:43]} 48. fxg5 {[%clk 00:38:02]} {[%emt 00:00:17]} hxg5 {[%clk
00:47:57]} {[%emt 00:00:04]} 49. Rxc7 {[%clk 00:37:58]} {[%emt 00:00:32]} Ra3+
{[%emt 00:01:27]} 50. Kf2 {[%clk 00:37:42]} {[%emt 00:00:03]} Ra2+ {[%clk
00:44:09]} {[%emt 00:04:06]} 51. Kf3 {[%clk 00:37:30]} {[%emt 00:00:37]} g4+
{[%clk 00:44:15]} {[%emt 00:00:29]} 52. hxg4 {[%clk 00:37:50]} {[%emt
00:00:08]} fxg4+ {[%clk 00:44:40]} {[%emt 00:00:07]} 53. Kxg4 {[%clk 00:38:12]}
{[%emt 00:00:06]} Rxg2+ {[%clk 00:45:06]} {[%emt 00:00:05]} 54. Kf3 {[%clk
00:38:26]} {[%emt 00:00:15]} Ra2 {[%clk 00:45:28]} {[%emt 00:00:10]} 55. Rg7
{[%clk 00:38:44]} {[%emt 00:00:10]} Kc6 {[%clk 00:45:06]} {[%emt 00:00:54]} 56.
Rg6+ {[%clk 00:39:00]} {[%emt 00:00:13]} Kb5 {[%clk 00:45:18]} {[%emt
00:00:20]} 57. a6 {[%clk 00:39:16]} {[%emt 00:00:13]} Rxa6 {[%clk 00:45:41]}
{[%emt 00:00:06]} 58. Rxa6 {[%clk 00:39:06]} {[%emt 00:00:06]} Kxa6 {[%clk
00:45:41]} 1/2-1/2

[Event "ODJM C 2023"]
[Site "Willingen GER"]
[Date "2023.05.31"]
[Round "5"]
[White "Ensslen, Jakob"]
[Black "Claussen, Daniela"]
[Result "1-0"]
[Termination "normal"]
[Board "11"]
[WhiteElo "1298"]
[BlackElo "1043"]
[WhiteClock "00:39:15"]
[BlackClock "00:47:39"]
[PlyCount "62"]
[WhiteFideId "34640258"]
[BlackFideId "16248929"]
[EventCountry "GER"]
[EventRounds "9"]
[EventType "swiss"]
[EventDate "2023.05.27"]

1. e4 {[%clk 01:30:52]} {[%emt 00:00:08]} e6 {[%clk 01:30:56]} {[%emt
00:00:04]} 2. d4 {[%clk 01:31:17]} {[%emt 00:00:06]} b6 {[%clk 01:31:22]}
{[%emt 00:00:04]} 3. Bd3 {[%clk 01:31:42]} {[%emt 00:00:05]} Bb7 {[%clk
01:31:46]} {[%emt 00:00:06]} 4. Nf3 {[%clk 01:32:05]} {[%emt 00:00:07]} Nf6
{[%clk 01:32:05]} {[%emt 00:00:11]} 5. e5 {[%clk 01:31:53]} {[%emt 00:00:42]}
Ne4 {[%clk 01:32:18]} {[%emt 00:00:17]} 6. Nbd2 {[%clk 01:31:21]} {[%emt
00:01:02]} Nxd2 {[%clk 01:31:21]} {[%emt 00:01:26]} 7. Bxd2 {[%clk 01:31:32]}
{[%emt 00:00:19]} d6 {[%clk 01:31:35]} {[%emt 00:00:16]} 8. O-O {[%clk
01:30:42]} {[%emt 00:01:20]} Nd7 {[%clk 01:31:45]} {[%emt 00:00:20]} 9. Re1
{[%clk 01:28:52]} {[%emt 00:02:21]} Be7 {[%clk 01:26:35]} {[%emt 00:05:39]} 10.
exd6 {[%clk 01:26:13]} {[%emt 00:03:09]} Bxd6 {[%clk 01:26:52]} {[%emt
00:00:13]} 11. c4 {[%clk 01:26:13]} {[%emt 00:00:30]} O-O {[%clk 01:26:50]}
{[%emt 00:00:32]} 12. Ng5 {[%clk 01:22:12]} {[%emt 00:04:31]} Nf6 {[%clk
01:25:04]} {[%emt 00:02:15]} 13. f3 {[%clk 01:14:43]} {[%emt 00:07:59]} h6
{[%clk 01:22:45]} {[%emt 00:02:49]} 14. Ne4 {[%clk 01:14:28]} {[%emt 00:00:46]}
Be7 {[%clk 01:22:45]} {[%emt 00:00:29]} 15. Bc3 {[%clk 01:11:21]} {[%emt
00:03:38]} Re8 {[%clk 01:19:03]} {[%emt 00:04:11]} 16. b4 {[%clk 01:08:41]}
{[%emt 00:03:11]} a6 {[%clk 01:15:56]} {[%emt 00:03:37]} 17. Qc2 {[%clk
01:01:06]} {[%emt 00:08:05]} g6 {[%clk 01:12:01]} {[%emt 00:04:25]} 18. Qb2
{[%clk 00:59:10]} {[%emt 00:02:26]} Kg7 {[%clk 01:06:13]} {[%emt 00:06:17]} 19.
Re3 {[%clk 00:53:51]} {[%emt 00:05:50]} Qc8 {[%clk 01:00:28]} {[%emt 00:06:14]}
20. d5 {[%clk 00:49:48]} {[%emt 00:04:33]} Qd8 {[%clk 00:55:39]} {[%emt
00:05:20]} 21. dxe6 {[%clk 00:47:44]} {[%emt 00:02:34]} fxe6 {[%emt 00:02:12]}
22. Rae1 {[%clk 00:46:13]} Kf7 {[%clk 00:55:26]} {[%emt 00:01:01]} 23. Qc2
{[%clk 00:43:19]} {[%emt 00:03:24]} c5 {[%clk 00:53:24]} {[%emt 00:02:32]} 24.
Nxf6 {[%clk 00:42:42]} {[%emt 00:01:06]} Bxf6 {[%clk 00:53:12]} {[%emt
00:00:42]} 25. Bxg6+ {[%clk 00:42:59]} {[%emt 00:00:15]} Kf8 {[%clk 00:53:06]}
{[%emt 00:00:35]} 26. Bxf6 {[%clk 00:41:56]} {[%emt 00:01:34]} Qxf6 {[%clk
00:53:19]} {[%emt 00:00:17]} 27. Bxe8 {[%clk 00:42:18]} {[%emt 00:00:07]} Rxe8
{[%clk 00:53:38]} {[%emt 00:00:12]} 28. bxc5 {[%clk 00:40:28]} {[%emt
00:02:19]} bxc5 {[%clk 00:53:57]} {[%emt 00:00:11]} 29. Qe2 {[%clk 00:39:50]}
{[%emt 00:01:08]} Kf7 {[%clk 00:53:34]} {[%emt 00:00:53]} 30. Re5 {[%clk
00:39:19]} {[%emt 00:01:02]} Qe7 {[%clk 00:51:54]} {[%emt 00:02:09]} 31. Qe3
{[%clk 00:39:15]} {[%emt 00:00:34]} Qf6 {[%clk 00:47:39]} {[%emt 00:04:45]} 1-0

[Event "ODJM C 2023"]
[Site "Willingen GER"]
[Date "2023.05.31"]
[Round "5"]
[White "Weidenhöfer, Ben"]
[Black "Moissl, Julian"]
[Result "0-1"]
[Termination "normal"]
[Board "13"]
[WhiteElo "1180"]
[BlackElo "1160"]
[WhiteClock "00:20:17"]
[BlackClock "00:23:27"]
[PlyCount "64"]
[WhiteFideId "16273702"]
[BlackFideId "16295129"]
[EventCountry "GER"]
[EventRounds "9"]
[EventType "swiss"]
[EventDate "2023.05.27"]

1. d4 {[%clk 01:30:57]} {[%emt 00:00:03]} d5 {[%clk 01:30:57]} {[%emt
00:00:03]} 2. e3 {[%clk 01:31:19]} {[%emt 00:00:08]} Nf6 {[%clk 01:31:23]}
{[%emt 00:00:04]} 3. Bd3 {[%clk 01:31:41]} {[%emt 00:00:08]} c5 {[%clk
01:31:49]} {[%emt 00:00:05]} 4. c3 {[%clk 01:31:59]} {[%emt 00:00:12]} Nc6
{[%clk 01:30:49]} {[%emt 00:01:29]} 5. f4 {[%clk 01:31:44]} {[%emt 00:00:45]}
Bg4 {[%clk 01:29:39]} {[%emt 00:01:40]} 6. Nf3 {[%clk 01:31:27]} {[%emt
00:00:47]} cxd4 {[%clk 01:22:53]} {[%emt 00:07:16]} 7. cxd4 {[%clk 01:30:31]}
{[%emt 00:01:25]} e6 {[%clk 01:19:22]} {[%emt 00:04:02]} 8. Nbd2 {[%clk
01:23:57]} {[%emt 00:07:04]} Bd6 {[%clk 01:15:41]} {[%emt 00:04:12]} 9. O-O
{[%clk 01:22:30]} {[%emt 00:01:57]} O-O {[%clk 01:14:14]} {[%emt 00:01:56]} 10.
Qe1 {[%clk 01:21:52]} {[%emt 00:01:07]} Nb4 {[%clk 01:11:39]} {[%emt 00:03:06]}
11. Bb1 {[%clk 01:19:01]} {[%emt 00:03:22]} Rc8 {[%clk 01:09:11]} {[%emt
00:02:57]} 12. Qd1 {[%clk 01:13:04]} {[%emt 00:06:26]} Qc7 {[%clk 01:08:56]}
{[%emt 00:00:46]} 13. Qb3 {[%clk 01:09:55]} {[%emt 00:03:39]} b6 {[%clk
00:57:28]} {[%emt 00:11:58]} 14. a3 {[%clk 01:08:20]} {[%emt 00:02:06]} Nc6
{[%clk 00:56:57]} {[%emt 00:01:01]} 15. Qd3 {[%clk 01:06:28]} {[%emt 00:02:21]}
Bf5 {[%clk 00:53:52]} {[%emt 00:03:35]} 16. Qe2 {[%clk 01:03:10]} {[%emt
00:03:48]} Bxb1 {[%clk 00:53:00]} {[%emt 00:01:21]} 17. Rxb1 {[%clk 01:02:20]}
{[%emt 00:01:20]} Rfe8 {[%clk 00:52:15]} {[%emt 00:01:15]} 18. Ne5 {[%clk
01:02:12]} {[%emt 00:00:39]} Nd7 {[%clk 00:49:59]} {[%emt 00:02:46]} 19. Ndf3
{[%clk 01:00:29]} {[%emt 00:02:12]} f6 {[%clk 00:48:31]} {[%emt 00:01:58]} 20.
Ng4 {[%clk 00:56:40]} {[%emt 00:04:18]} e5 {[%clk 00:47:19]} {[%emt 00:01:43]}
21. fxe5 {[%clk 00:52:30]} {[%emt 00:04:40]} fxe5 {[%clk 00:47:26]} {[%emt
00:00:24]} 22. Qb5 {[%clk 00:51:57]} {[%emt 00:01:03]} Ne7 {[%clk 00:43:51]}
{[%emt 00:04:05]} 23. Ng5 {[%clk 00:49:05]} {[%emt 00:03:22]} exd4 {[%clk
00:37:50]} {[%emt 00:06:31]} 24. exd4 {[%clk 00:45:40]} {[%emt 00:03:55]} Nf8
{[%clk 00:35:26]} {[%emt 00:02:55]} 25. Qd3 {[%clk 00:41:48]} {[%emt 00:04:21]}
Qc2 {[%clk 00:32:28]} {[%emt 00:03:28]} 26. Qxc2 {[%clk 00:30:49]} {[%emt
00:11:29]} Rxc2 {[%clk 00:32:53]} {[%emt 00:00:06]} 27. Nf7 {[%clk 00:29:07]}
{[%emt 00:02:12]} Bc7 {[%clk 00:31:47]} {[%emt 00:01:36]} 28. Bh6 {[%clk
00:28:02]} {[%emt 00:01:34]} gxh6 {[%clk 00:28:48]} {[%emt 00:03:29]} 29.
Ngxh6+ {[%clk 00:28:14]} {[%emt 00:00:19]} Kg7 {[%clk 00:29:12]} {[%emt
00:00:06]} 30. h4 {[%clk 00:24:08]} {[%emt 00:04:36]} Neg6 {[%clk 00:27:11]}
{[%emt 00:02:31]} 31. h5 {[%clk 00:23:32]} {[%emt 00:01:06]} Nh4 {[%clk
00:23:41]} {[%emt 00:04:00]} 32. Rf4 {[%clk 00:20:17]} {[%emt 00:03:45]} Bxf4
{[%clk 00:23:27]} {[%emt 00:00:45]} 0-1